Οι βραδυνές καμπάνες

Αποθηκεύτηκε σε:
Λεπτομέρειες βιβλιογραφικής εγγραφής
Κύριος συγγραφέας: Ασημακόπουλος, Κώστας, 1934-
Μορφή: Βιβλίο
Γλώσσα:Greek
Δημοσίευση: [Χ.τ.] : Χατζηνικολή, [μεταξύ 1990 και 2000]
Έκδοση:2η έκδ.
Θέματα:
Ετικέτες: Προσθήκη ετικέτας
Δεν υπάρχουν, Καταχωρήστε ετικέτα πρώτοι!

MARC

LEADER 00000nam a2200000 i 4500
001 1/98225
008 081126m19902000 gre d
035 |l 10102015 
040 |a GR-MY-UA  |b gre  |e aacr 
041 0 |a gre 
082 0 |a 889.3  |2 (22) 
100 1 |a Ασημακόπουλος, Κώστας,   |d 1934- 
245 1 3 |a Οι βραδυνές καμπάνες /  |c Κώστα Ασημακόπουλου 
250 |a 2η έκδ. 
260 |a [Χ.τ.] :   |b Χατζηνικολή,   |c [μεταξύ 1990 και 2000] 
300 |a 187 σ.;  |c 21 εκ. 
650 0 0 |a Greek literature, Modern  |y 20th century. 
852 |a INST  |b SYROS  |e 20081126  |h 889.3 ΑΣΗ  |p 005500008874  |q 005500008874  |t BK  |y 0 
901 |a BIBL5-2008-3 
909 |a Ε  |b 154403 
922 |a 5ΕΛΗ  |b 200710  |c ΒΙΒΛΙΟΘΗΚΗ ΣΥΡΟΥ  |d ΣΤΑΘΟΠΟΥΛΟΣ 
970 |a ΚΟΝΤΟΥ  |b ΠΑΡΑΣΚΕΥΗ  |z 2008/11/26